|
|
|
|
| LEADER |
00000nam a22000007i 4500 |
| 001 |
IT\ICCU\VIA\0000671 |
| 003 |
ItRI |
| 005 |
20260115232336.0 |
| 008 |
900827s1985 it |||||| ||||| |||||c |
| 040 |
|
|
|b ita
|c importazione bologna sebina
|
| 041 |
|
7 |
|a ita
|2 ISO-639-2
|
| 082 |
|
|
|a 853.914
|9 NARRATIVA ITALIANA, 1945-1999
|2 21
|
| 100 |
1 |
|
|a Santi, Piero,
|d (1912-1990)
|0 IT\ICCU\MILV\218707
|4 aut
|
| 245 |
1 |
0 |
|a Sic /
|c Piero Santi.
|
| 260 |
|
|
|a Firenze :
|b Vallecchi,
|c \1985!
|
| 300 |
|
|
|a 153 p. ;
|c 23 cm.
|
| 942 |
|
|
|2 ddc
|c BK
|n 0
|
| 952 |
|
|
|0 0
|1 0
|4 0
|6 DOC_853_914000000000000_SAN
|7 0
|9 24494
|a BO
|b BO
|d 2026-01-15
|i 16706
|l 0
|o DOC 853.914 SAN
|p BO16706
|r 2026-01-15 23:23:36
|w 2026-01-15
|x [Sebina 5] [1 v.]
|y BK
|z 1 v.
|
| 999 |
|
|
|c 20844
|d 20844
|